Loading...
| History - World | 0 | 3 | 0 | 1 | 30 | 79 | 103.00 | 0 | 0 | 6.55 | 8.83 |
| History - American | 0 | 2 | 0 | 1 | 20 | 85 | 104.50 | 0 | 1 | 3.89 | 12.50 |
| Religion | 0 | 2 | 0 | 2 | 20 | 129 | 130.50 | 0 | 0 | 0.09 | 2.64 |
| Science - Other | 0 | 2 | 1 | 1 | 15 | 60 | 98.50 | 0 | 1 | 5.80 | 10.00 |
| Science - Biology | 0 | 2 | 1 | 0 | 15 | 85 | 94.50 | 0 | 1 | 5.51 | 17.36 |
| Fine Arts - Other | 0 | 1 | 0 | 1 | 10 | 129 | 129.00 | 0 | 0 | 0.00 | 1.25 |
| Geography/Current Events | 0 | 1 | 0 | 1 | 10 | 132 | 132.00 | 0 | 0 | 0.19 | 5.56 |
| History - European | 0 | 1 | 0 | 0 | 10 | 81 | 81.00 | 0 | 1 | 4.40 | 6.94 |
| History - Other | 0 | 1 | 0 | 0 | 10 | 108 | 108.00 | 0 | 0 | 0.23 | 3.41 |
| Mythology | 0 | 1 | 0 | 0 | 10 | 123 | 123.00 | 0 | 0 | 0.10 | 1.25 |
| Science - Physics | 0 | 1 | 0 | 1 | 10 | 106 | 106.00 | 0 | 0 | 0.00 | 1.25 |
| Literature - World/Other | 0 | 0 | 0 | 0 | 0 | 0.00 | 0 | 0 | 0.00 | 0.00 |